000 00296nam a2200109Ia 4500
008 180205s9999 xx 000 0 und d
020 _a340490683
100 _aArnold, Edward
245 _aPractical infromation technology /
260 _aGreat Britain:
_bWord star
_c1989
300 _aix, 198 pages
999 _c354654
_d354654